00508nam a22001692 45000010011000000030004000110050017000150080041000320200025000730400015000980500025001131000024001382450092001622600053002543000011003076500020003180000000115OSt20201126151110.0070111s xx 000 0 eng d a1614270560cGBP 7.99 aKABUcKABU aBT94b.L33 1959 c. 11 aLadd, George Eldon.14aThe Gospel of the kingdomcGeorge Eldon Ladd.bscriptural studies in the Kingdom of God aGrand Rapids, Michigan :bWm B. Eerdmans,c1959. a143 p. 0aKingdom of God.